Normal view
MARC view
Entry Nombre de reunión
001 - NÚMERO DE CONTROL
- campo de control: 75072
003 - IDENTIFICADOR DEL NÚMERO DE CONTROL
- campo de control: OSt
005 - FECHA Y HORA DE LA ÚLTIMA TRANSACCIÓN
- campo de control: 20220127112252.0
008 - DATOS DE LONGITUD FIJA
- campo de control de longitud fija: 971016|| aznnnabb| un and |u
040 ## - FUENTE DE LA CATALOGACIÓN
- Centro catalogador/agencia de origen: OSt
- Centro/agencia transcriptor: OSt
111 00 - ENCABEZAMIENTO--NOMBRE DE CONGRESO/REUNIÓN
- Nombre de congreso/reunión o jurisdicción como elemento de entrada: Mesa Redonda sobre Diseño e Instrumentación de la Nueva Política Agrícola en América Latina y el Caribe Bases Metodológicas (
- Fecha del congreso/reunión: 1991
- Sede del congreso/Lugar de la reunión: : Asunción, Paraguay)
